Nubian voices : studies in Christian Nubian culture /

محفوظ في:

مؤلفون آخرون: Łajtar, Adam, Vliet, Jacques van der, Ochała, Grzegorz., Ruffini, Giovanni, 1974-

التنسيق: كتاب

اللغة: English

منشور في: Warsaw : The Journal of Juristic Papyrology, 2011.

سلاسل: Journal of juristic papyrology. Supplement ; 15.
JJPS ; 15.

الموضوعات:

الوسوم: إضافة وسم

لا توجد وسوم, كن أول من يضع وسما على هذه التسجيلة!

رقم الطلب: PA3339 .J85 v.15

LEADER 01146nam a22003257a 4500
003 OSt
005 20251006082424.0
008 251006t2011 pl ab 000 0 eng d
010 |a 2014498511 
020 |a 9788392591948 
040 |c ARCE Library 
043 |a f-sj--- 
050 1 4 |a PA3339  |b .J85 v.15 
245 0 0 |a Nubian voices :   |b studies in Christian Nubian culture /   |c edited by Adam Łajtar, Jacques van der Vliet ; with the assistance of Grzegorz Ochała, Giovanni Ruffini. 
264 1 |a Warsaw :   |b The Journal of Juristic Papyrology,   |c 2011. 
300 |a xvi, 262 pages :  |b illustrations, maps ;  |c 24 cm. 
490 1 |a Journal of juristic papyrology. Supplement ;   |v 15. 
490 1 |a JJPS ;   |v 15. 
650 0 |a Christian antiquities  |z Sudan. 
650 0 |a Inscriptions  |z Sudan. 
650 0 |a Nubian languages  |v Texts. 
700 1 |a Łajtar, Adam,   |9 34366 
700 1 |a Vliet, Jacques van der,   |9 1952- 
700 1 |a Ochała, Grzegorz. 
700 1 |a Ruffini, Giovanni,   |d 1974-  
830 0 |a Journal of juristic papyrology.   |p Supplement ;   |v 15. 
830 0 |a JJPS ;   |v 15. 
901 |a reviewed 
942 |c BK  |2 lcc 
999 |c 22368  |d 22368